| 000 | 00521cam a22001811 4500 | ||
|---|---|---|---|
| 040 | _cOClU | ||
| 082 | _a631 WIL 1950 A105 Or. | ||
| 100 | 1 | _aIsraelsen, Orson Winso, | |
| 245 | 0 | 0 | _aIrrigation principles and practices. |
| 250 | _a2d ed. | ||
| 260 |
_aNew York, _bWiley _c[1950] |
||
| 300 |
_axii, 405p. _billus.,ports.,maps(1 fold.col.) _c24cm. |
||
| 490 | 0 | _aThe Wiley agricultural engineering series | |
| 500 | _a"References": p. 382-396. | ||
| 650 | 0 | _aIrrigation. | |
| 650 | 0 | _aIrrigation farming. | |
| 942 | _cEK | ||
| 999 |
_c16220 _d16220 |
||